Tilastot visalle Formula 1 Grand Prix -voittajat

Klikkaa tästä pelataksesi tätä visaa!

Yleistilastot

  • Tätä visaa on pelattu 192 kertaa
    (174 viimeisimmän päivityksen jälkeen)
  • Keskiarvotulos 34 / 110

Vastaustilastot

KansalaisuusKaudetVoitotKuljettaja% Oikein
Suomi2001–2009, 2012–21Kimi Räikkönen
96%
Yhdistynyt Kuningaskunta2007–95Lewis Hamilton
95%
Suomi1991–200120Mika Häkkinen
94%
Alankomaat2015–10Max Verstappen
91%
Suomi1978–19865Keke Rosberg
90%
Saksa2006–201623Nico Rosberg
90%
Suomi2013–9Valtteri Bottas
90%
Saksa2007–53Sebastian Vettel
88%
Saksa1991–2006, 2010–201291Michael Schumacher
87%
Espanja2001, 2003–201832Fernando Alonso
86%
Suomi2007–20131Heikki Kovalainen
86%
Saksa1997–20076Ralf Schumacher
83%
Brasilia1984–199441Ayrton Senna
82%
Australia2011–7Daniel Ricciardo
72%
Monaco2018–2Charles Leclerc
68%
Yhdistynyt Kuningaskunta2000–201715Jenson Button
68%
Ranska1980–1991, 199351Alain Prost
67%
Brasilia2002, 2004–201711Felipe Massa
62%
Saksa1973–1980, 19821Jochen Mass
62%
Yhdistynyt Kuningaskunta1992–199922Damon Hill
61%
Yhdistynyt Kuningaskunta1958–197514Graham Hill
61%
Yhdysvallat1958–1964, 19663Phil Hill
60%
Puola2006–2010, 20191Robert Kubica
59%
Argentiina1950–1951, 1953–195824Juan Manuel Fangio
58%
Itävalta1971–1979, 1982–198525Niki Lauda
58%
Ranska2017–1Pierre Gasly
58%
Meksiko2011–1Sérgio Perez
58%
Australia2002–20139Mark Webber
57%
Kanada1977–19826Gilles Villeneuve
55%
Kanada1996–200611Jacques Villeneuve
55%
Brasilia1993–201111Rubens Barrichello
55%
Kolumbia2001–20067Juan Pablo Montoya
48%
Brasilia1978–199123Nelson Piquet
48%
Brasilia1970–198014Emerson Fittipaldi
45%
Italia1950–195513Alberto Ascari
42%
Yhdistynyt Kuningaskunta1980–1992, 1994–199531Nigel Mansell
41%
Yhdistynyt Kuningaskunta1994–200813David Coulthard
39%
Yhdistynyt Kuningaskunta1965–197327Jackie Stewart
36%
Venezuela2011–20151Pastor Maldonado
36%
Yhdysvallat1968–1972, 1974–198212Mario Andretti
35%
Italia1950–19555Nino Farina
32%
Italia1997–20111Jarno Trulli
31%
Yhdistynyt Kuningaskunta1960–196825Jim Clark
31%
Etelä-Afrikka1972–198010Jody Scheckter
31%
Yhdistynyt Kuningaskunta1973–197910James Hunt
29%
Yhdistynyt Kuningaskunta1993–20024Eddie Irvine
28%
Italia1996–20093Giancarlo Fisichella
28%
Australia1955–197014Jack Brabham
28%
Itävalta1964–19706Jochen Rindt
27%
Australia1975–1981, 1983, 1985–198612Alan Jones
26%
Uusi-Seelanti1965–19748Denny Hulme
26%
Ranska1989–20011Jean Alesi
26%
Ruotsi1970–197810Ronnie Peterson
26%
Yhdistynyt Kuningaskunta1951–196116Stirling Moss
24%
Ranska1994–1999, 2001–20041Olivier Panis
23%
Itävalta1984–199710Gerhard Berger
22%
Uusi-Seelanti1958–19704Bruce McLaren
21%
Saksa1994–20033Heinz-Harald Frentzen
20%
Belgia1967–19798Jacky Ickx
20%
Yhdistynyt Kuningaskunta1960–19726John Surtees
19%
Yhdistynyt Kuningaskunta1952–19583Mike Hawthorn
18%
Argentiina1972–198212Carlos Reutemann
16%
Italia1977–19936Riccardo Patrese
15%
Italia1981–19945Michele Alboreto
13%
Ranska1978–19897René Arnoux
13%
Sveitsi1970–19805Clay Regazzoni
12%
Ranska1978–19823Didier Pironi
11%
Yhdistynyt Kuningaskunta1989–20003Johnny Herbert
11%
Italia1979–19862Elio de Angelis
10%
Belgia1983–19933Thierry Boutsen
10%
Länsi-Saksa1956–19612Wolfgang von Trips
10%
Yhdistynyt Kuningaskunta1956–19616Tony Brooks
9%
Ruotsi1976–19771Gunnar Nilsson
8%
Ranska1974–19866Jacques Laffite
8%
Yhdistynyt Kuningaskunta1973–1983, 19855John Watson
8%
Argentiina1950–1957, 19602José Froilán González
7%
Yhdistynyt Kuningaskunta1952–19583Peter Collins
7%
Brasilia1972–19771Carlos Pace
6%
Ruotsi1956–19711Jo Bonnier
6%
Italia1950–19511Luigi Fagioli
6%
Ranska1977–1979, 1981–19862Patrick Tambay
6%
Meksiko1963–19712Pedro Rodríguez
6%
Yhdysvallat1959–1968, 19704Dan Gurney
4%
Ranska1974–1975, 1977–19812Jean-Pierre Jabouille
4%
Sveitsi1962–19712Jo Siffert
4%
Italia1950–1952, 1954–19561Piero Taruffi
4%
Italia1986–19901Alessandro Nannini
3%
Italia1953–19581Luigi Musso
3%
Yhdysvallat1951–19552*Bill Vukovich
2%
Ranska1970–19731François Cevert
2%
Italia1961–19671Giancarlo Baghetti
2%
Yhdistynyt Kuningaskunta1959–19661Innes Ireland
2%
Ranska1950–19642Maurice Trintignant
2%
Ranska1972, 1974–19802Patrick Depailler
2%
Yhdysvallat1960–19671Richie Ginther
2%
Italia1974–19801Vittorio Brambilla
2%
Yhdysvallat1952–19601*Jimmy Bryan
1%
Yhdysvallat1950–19581*Johnnie Parsons
1%
Yhdysvallat1950–19511*Lee Wallard
1%
Italia1963–19681Ludovico Scarfiotti
1%
Yhdysvallat1951–1960, 19631*Rodger Ward
1%
Yhdysvallat1952–19561*Bob Sweikert
0%
Ranska1967–19741Jean-Pierre Beltoise
0%
Yhdysvallat1950, 1952–19601*Jim Rathmann
0%
Italia1961–19671Lorenzo Bandini
0%
Yhdysvallat1950, 1953–1956, 19591*Pat Flaherty
0%
Yhdistynyt Kuningaskunta1970–19741Peter Gethin
0%
Yhdysvallat1964, 1971–19742Peter Revson
0%
Yhdysvallat1950–19571*Sam Hanks
0%
Yhdysvallat1950–1952, 1954, 1956–1958, 19601*Troy Ruttman
0%

Tulosjakauma

Persentiili vastausten määrän mukaan

Jokaisen tuloksen saaneiden osuus

Tuloshistoriasi

Et ole pelannut tätä visaa sen viimeisimmän päivityksen jälkeen